LEADER 01125nam a2200241 i 4500 001 000000150501 003 CaOOAMICUS 005 20141112000000.0 008 141112s1998 it u000 u ita u 013 $a127839 040 $aSeMil$bita 100 1 $aBarbour, Hugh Christopher.$0(OLS)http://semarc/name/20133 240 10$aSvjetlo na putu zivota.$0(OLS)http://semarc/title/220067 245 10$aLuce lungo il sentiero della vita :$buna biografia spirituale del Beato Luigi Cardinale Stepinac /$cH. Barbour, J. Batelja. 260 $aZagabria :$b[s.n.],$c1998. 300 $a202 p. :$bill. ;$c20 cm. 650 4$aStepinac, Alojzije .$0(OLS)http://semarc/subject/13761 700 1 $aBatelja, Juraj.$0(OLS)http://semarc/name/59349 850 $aSeMil 852 $aSeMil$W1$xVenegono$y1$m3H V 302$j102640$B102640$CSeMilBibl$Z2$F111496 $81 961 $aLascito: Serenthà don Mario 996 $6245$aLuce lungo il sentiero della vita :$buna biografia spirituale del Beato Luigi Cardinale Stepinac$9(OLS)http://semarc/title/220066 996 $6260$aZagabria :$b[s.n.]$9(OLS)http://semarc/publisher/47935 LEADER 00792nam a2200181 i 4500 001 000000014025 003 CaOOAMICUS 005 20180830125442.0 008 180830s1976 it u000 u ita u 040 $aSeMil$bita 100 1 $aPetrini, Francesco.$0(OLS)http://semarc/name/6622 245 12$aL'idea di Dio in Hegel /$cFrancesco Petrini. 260 $aRoma :$bCittà Nuova,$c1976. 300 $av. ;$c20 cm. 650 4$aHegel, Georg Wilhelm Friedrich <1770-1831> - Teologia.$0(OLS)http://semarc/subject/2323 774 0 $tStoccarda e Tubinga.$kPubblicazioni dell'Istituto di filosofia, Facoltà di magistero, Università di Genova. Ser. 2$gVol.1$w()141902 996 $6245$aL'idea di Dio in Hegel$9(OLS)http://semarc/title/18628 996 $6260$aRoma :$bCittà Nuova$9(OLS)http://semarc/publisher/29609 LEADER 00810nam a2200229 i 4500 001 000000084588 003 CaOOAMICUS 005 20180830145949.0 008 180830s1956 xx u000 u und u 013 $a56828 020 $a88-343- 040 $aSeMil$bita 245 12$aI difetti del bambino. 260 $aMilano :$bVita e Pensiero,$c1956. 300 $a173 p. 650 4$aEducazione - Studi.$0(OLS)http://semarc/subject/1420 650 4$aInfanzia.$0(OLS)http://semarc/subject/10285 850 $aSeMil 852 $aSeMil$W1$xVenegono$y1$m44 217 7 *$j48835$B48835$CSeMilBibl$Z2$F52187 $81 996 $6020$a88-343-$9(OLS)http://semarc/number/63795 996 $6245$aI difetti del bambino$9(OLS)http://semarc/title/131259 996 $6260$aMilano :$bVita e Pensiero$9(OLS)http://semarc/publisher/29642